000 00606nab a2200157 4500
003 ES-SlBCS
005 20210530114238.0
008 170511s2020 sp ||||| |||| 00| 0 spa d
040 _aES-SlBCS
_bspa
041 _aspa
100 1 _aRoa Osorio, Oscar a
_987953
245 1 3 _aLa verdad como aletheia en Martin Heidegger: del " Parágrafo 44 de " Ser y Tiempo " a " De la esencia de la Verdad "
_cOscar A. Roa Osorio
600 1 0 _aZambrano, María
_d, 1904-1991
_xCrítica e interpretación
_9123203
773 0 _gVol. 65, núm. 1-2, 2020, págs. 397-464
_tCompostellanum
_wRev130
_x0573-2018
942 _2lcc
_cAR
999 _c868403
_d868403